000 00501nam a2200193Ia 4500
003 GCL
008 140319s9999 xx 000 0 eng d
040 _aGCL /
_cGCL
082 0 4 _aCC
_b962.031
_bP E
100 1 _aLE PATRIMOINE DE L'HAMANITE
245 1 0 _aL'EGYPTE DES PHARAONS /
_cLE PATRIMOINE DE L'HAMANITE
260 _a[S.N] :
_bUNESCO ،
_c1990
300 _a30 P
650 0 4 _aANCIENT EGYPT
650 0 4 _aEGYPTOLOGY
650 0 4 _aPHARAOHS
650 0 4 _aEGYPT - HISTORY
942 _2ddc
_cBK
999 _c25664
_d25664